00296 2200133 4500001002100000005001500021035002000036245003700056100001500093300001200108260002000120082001000140990001200150INLIS00000000000227720250527030605 a0010-05250005691 aFisika SMU Kelas 1 /cBob Foster0 aBob Foster a247 hlm bErlangga,c2000 a025.5 a0712728